Mile-High Cities - Statistics

General Stats
  • This quiz has been taken 267 times
    235 since last reset
  • The average score is 7 of 25
Answer Stats
Elevation Elevation City % Correct
1.00 mi 1,610 m Denver
84%
2.27 mi 3,650 m La Paz
79%
1.58 mi 2,550 m Bogotá
68%
1.38 mi 2,220 m Mexico City
68%
1.75 mi 2,820 m Quito
63%
1.74 mi 2,800 m Sucre
55%
1.12 mi 1,800 m Kabul
48%
1.47 mi 2,360 m Thimphu
45%
1.46 mi 2,350 m Addis Ababa
40%
1.04 mi 1,680 m Nairobi
35%
1.09 mi 1,750 m Johannesburg
26%
1.60 mi 2,580 m Cochabamba
16%
1.34 mi 2,150 m Puebla
15%
1.40 mi 2,250 m Sana'a
15%
1.05 mi 1,690 m Gitega
10%
1.45 mi 2,340 m Asmara
9%
1.46 mi 2,350 m Arequipa
7%
1.19 mi 1,910 m Kunming
7%
1.12 mi 1,810 m León
7%
1.04 mi 1,680 m Windhoek
7%
1.65 mi 2,660 m Toluca
6%
1.13 mi 1,820 m Querétaro
3%
1.41 mi 2,270 m Xining
3%
1.16 mi 1,870 m San Luis Potosí
2%
1.17 mi 1,880 m Aguascalientes
1%
No matching quizzes found
Score Distribution
Percent of People with Each Score
Percentile by Number Answered
Your Score History
You have not taken this quiz since the last reset